00923cam a22002414a 4500999001500000001000500015003000900020005001700029008004100046020001500087040003300102082002500135100001700160245007100177260005000248300004900298500002000347650002700367650002900394942001200423952012300435952012300558 c5356d53564511BD-DhUAP20201209111516.0201209s1999 ii a b 001 0 eng  a8120412745 aDNLM/DLCcDLCdBD-DhUAPbeng00a620.00151825 GUP223 aGupta, O. P. aFinite and boundary element methods in engineering /cO. P. Gupta. aNew Delhi :bOxford & IBH publishing,cc1999. axxviii, 466 pages :billustrations ;c24 cm. aIncludes index. aFinite element method. aEngineering mathematics. 2ddccBK 00102ddc4070aUAPCLbUAPCLcGeneral Stacksd2020-12-09o620.00151825 GUPp3010004511r2020-12-09t1w2020-12-09yBK 00102ddc4070aUAPCLbUAPCLcGeneral Stacksd2020-12-09o620.00151825 GUPp3010004512r2020-12-12t2w2020-12-09yBK